000
00331pam a2200145 a 4500
020
_c
041
_h
082
_a
595.799
_b
ROD
100
_a
Rodionor, V.V.
245
_a
The Fascinating World of Bees
_h
Textual Documents
260
_a
Moscow :
_b
Mir,
_c
1986.
300
_a
308 p.
700
_a
Shabarshov, I.A.
930
_a
11058
999
_c
87961
_d
87961